00727nam a2200205 i 450000100060000000300090000600500170001500700030003200800410003510000550007624500590013126000440019030000210023449000410025583000460029685200320034294200080037499900170038295201220039969431ES-MaACL20250911062829.0t|040706s1973 sp ||||1| spa d1 aGarcía Calvo, Agustín,d1926-2012eaut923384110aSermón de ser y no ser / cAgustín García Calvo. a[Madrid] : bAlberto Corazón, c1973. a78 p. ; c20 cm.1 aColección Visor de poesía ; v170 aColección Visor de poesíav179177331 aES-MaACLjC-56167 bR.88849 2udc c69431d69431 00104070aATENEOMbATENEOMcDEPO2d2008-01-17eSCl0oC-56167p1072706r2023-02-23 00:00:00w2023-02-23yMONOGRAFIA